000 00953cam a2200265 a 4500
001 000024966
005 20251111094609.0
008 901219s1994 ag 000 | spa d
020 _a9501514218
040 _aDO-SdBNP
_bspa
_cBNPHU
041 1 7 _aeng
_hspa
_2Código de idioma MARC
082 _a291.215
_bA545p
100 1 _aAnderson, Joan Wester
_951231
240 1 0 _aWhere angels walk.
_lEspañol
245 1 0 _aPor donde los ángeles caminan :
_bhistorias verídicas de seres espirituales /
_cJoan Wester Anderson ; traducción Emilia Ghelfi.
260 _aBuenos Aires, (Argentina) :
_bJavier Vergara Editor,
_c1994.
300 _a233 p. ;
_c21 cm.
534 _aTítulo original :
_tWhere angels walk.
500 _aIncluye referencias bibliográficas : p. 85-87
650 0 _a Ángeles guardianes
_912657
650 4 _aEspiritus buenos
_951232
650 0 _aÁngeles
_xCulto
_912656
700 1 _aGhelfi, Emilia
_etr.
_951233
049 _aBNGR
999 _c24459
_d24459